000 00366nam a2200145Ia 4500
008 230917s9999||||xx |||||||||||||| ||und||
040 _e160040
_aMAIN
041 _aEnglish
082 _a338.4791 M312A
100 _aMancini, Marc
245 0 _aAccess: Introduction to travel and tourism
260 _aNew Delhi
_bThomson
_c2005
300 _a273 p.
942 _cBK
999 _c140216
_d140216